Environmental science : A study of interrelationships
This book is organized to provide an even, logical flow of concepts and to provide clear illustrations of the major environmental issues of today as interrelatedness; ecological principles and their application; energy; human influences on ecosystems; and pollution and policy
Đã lưu trong:
| Príomhúdar: | |
|---|---|
| Formáid: | Leabhar |
| Teanga: | Undetermined |
| Foilsithe: |
Boston, Mass
McGraw-Hill
2000
|
| Ábhair: | |
| Clibeanna: |
Cuir Clib Leis
Gan Chlibeanna, Bí ar an gcéad duine leis an taifead seo a chlibeáil!
|
| Thư viện lưu trữ: | Trung tâm Học liệu Trường Đại học Cần Thơ |
|---|
| LEADER | 00856nam a2200205Ia 4500 | ||
|---|---|---|---|
| 001 | CTU_141610 | ||
| 008 | 210402s9999 xx 000 0 und d | ||
| 082 | |a 628 | ||
| 082 | |b E57 | ||
| 100 | |a Enger, Eldon D. | ||
| 245 | 0 | |a Environmental science : | |
| 245 | 2 | |b A study of interrelationships | |
| 245 | 0 | |c Eldon D Enger, Brandley F Smith | |
| 260 | |a Boston, Mass | ||
| 260 | |b McGraw-Hill | ||
| 260 | |c 2000 | ||
| 520 | |a This book is organized to provide an even, logical flow of concepts and to provide clear illustrations of the major environmental issues of today as interrelatedness; ecological principles and their application; energy; human influences on ecosystems; and pollution and policy | ||
| 650 | |a Environmental sciences,Environmental protection | ||
| 904 | |i Bạch Trúc | ||
| 980 | |a Trung tâm Học liệu Trường Đại học Cần Thơ | ||